[Event "Frankfurt Ch A 2016"]
[Site "Ffm-Höchst, BiKuZ"]
[Date "2016.04.25"]
[Round "1.1"]
[White "Khenkin, Igor"]
[Black "Gutacker, Stephan"]
[Result "1-0"]
[WhiteElo "2546"]
[BlackElo "1777"]
[PlyCount "73"]
[EventDate "2016.??.??"]
[WhiteTeam "SG Porz"]
[BlackTeam "Sfr. Kelkheim"]

1. d4 Nf6 2. c4 e5 3. dxe5 Ng4 4. Bf4 Nc6 5. Nf3 Bb4+ 6. Nc3 Qe7 7. Qd5 f6 8.
exf6 Nxf6 9. Qd3 d6 10. g3 Ne4 11. Bg2 Bxc3+ 12. bxc3 O-O 13. O-O Nc5 14. Qe3
Qxe3 15. Bxe3 Be6 16. Nd2 Na5 17. Bxc5 dxc5 18. Nb3 Nxb3 19. axb3 c6 20. Ra5 b6
21. Ra2 Rfc8 22. Rd1 Rc7 23. Rd6 Bd7 24. f4 Be8 25. Kf2 a5 26. e4 Raa7 27. e5
b5 28. Ke3 Kf8 29. f5 a4 30. bxa4 Rxa4 31. Rxa4 bxa4 32. Rd8 Ra7 33. Bxc6 a3
34. Rxe8+ Kf7 35. e6+ Kf6 36. Rf8+ Kg5 37. Rf7 1-0

[Event "Frankfurt Ch A 2016"]
[Site "Ffm-Höchst, BiKuZ"]
[Date "2016.04.25"]
[Round "1.2"]
[White "Neubauer, Robert"]
[Black "Poetsch, Hagen"]
[Result "0-1"]
[WhiteElo "1773"]
[BlackElo "2484"]
[PlyCount "62"]
[EventDate "2016.??.??"]
[WhiteTeam "SK Bad Homburg"]
[BlackTeam "SF Schöneck"]

1. e4 Nc6 2. d4 d5 3. e5 f6 4. Bb5 fxe5 5. Qh5+ g6 6. Qxe5 Nf6 7. Bf4 Qd6 8.
Nc3 Bg7 9. Nf3 O-O 10. Qxd6 cxd6 11. Be3 Bg4 12. Nh4 e5 13. Bxc6 bxc6 14. h3
exd4 15. Bxd4 Rae8+ 16. Kd2 Bc8 17. Bxa7 c5 18. Rae1 d4 19. Nb5 Ne4+ 20. Kc1
Ba6 21. a4 Rf7 22. Rxe4 Rxe4 23. Nxd6 Rxh4 24. Nxf7 Kxf7 25. Bxc5 Bh6+ 26. Kb1
d3 27. b4 d2 28. b5 Bb7 29. Be3 Rb4+ 30. Ka2 Bd5+ 31. Ka3 Bf8 0-1

[Event "Frankfurt Ch A 2016"]
[Site "Ffm-Höchst, BiKuZ"]
[Date "2016.04.25"]
[Round "1.3"]
[White "Milov, Leonid"]
[Black "Schellen, Sven"]
[Result "1-0"]
[WhiteElo "2417"]
[BlackElo "1763"]
[PlyCount "121"]
[EventDate "2016.??.??"]
[WhiteTeam "SC Noris-Tarrasch Nürnberg"]
[BlackTeam "SF Frankfurt"]

1. e4 e5 2. Nf3 Nc6 3. Bb5 Nf6 4. d3 Bc5 5. O-O Nd4 6. Nxd4 Bxd4 7. c3 Bb6 8.
d4 O-O 9. Bg5 d6 10. Re1 c6 11. Bf1 Qe7 12. Na3 Rd8 13. Nc4 Bc7 14. a4 a5 15.
h3 Bd7 16. Qb3 Rab8 17. Qa3 Re8 18. dxe5 dxe5 19. Qxe7 Rxe7 20. f3 h6 21. Be3
Be6 22. Red1 Rd8 23. Rxd8+ Bxd8 24. Nxe5 Bb3 25. Nc4 Rd7 26. Be2 Bc7 27. Kf2
Nh5 28. Nd2 Bc2 29. b4 Nf4 30. Ra2 Bd3 31. Bd1 g5 32. bxa5 Bxa5 33. Ra3 Ba6 34.
Be2 Nd3+ 35. Kg1 Ne1 36. Bd1 Bd3 37. Kf2 Nc2 38. Bxc2 Bxc2 39. Ra2 Bd3 40. Ra3
Ba6 41. Nb3 Bxc3 42. Nc5 Bb4 43. Ra2 Bxc5 44. Bxc5 Rd3 45. Kg3 Kg7 46. h4 Kg6
47. Kg4 Rd1 48. h5+ Kg7 49. Bb6 Kf6 50. Rc2 Rd3 51. Bc5 Kg7 52. a5 Rd1 53. Bb4
Rd3 54. Bc3+ Kh7 55. Be5 Rd7 56. Kf5 Bb5 57. Bf6 Ba6 58. Rc5 Bb5 59. Re5 Bc4
60. Re8 Be6+ 61. Ke5 1-0

[Event "Frankfurt Ch A 2016"]
[Site "Ffm-Höchst, BiKuZ"]
[Date "2016.04.25"]
[Round "1.4"]
[White "Künitz, Klaus"]
[Black "Telljohann, Sven"]
[Result "0-1"]
[WhiteElo "1739"]
[BlackElo "2345"]
[PlyCount "66"]
[EventDate "2016.??.??"]
[WhiteTeam "TSV Schott Mainz"]
[BlackTeam "SF Schöneck"]

1. d4 g6 2. c4 Bg7 3. Nf3 c5 4. e4 cxd4 5. Nxd4 Nf6 6. Nc3 Nc6 7. Be3 O-O 8.
Be2 d6 9. O-O Nxd4 10. Bxd4 Be6 11. f3 Qa5 12. Qd2 Rfc8 13. Rad1 Bxc4 14. Bxf6
Bxf6 15. Nd5 Qc5+ 16. Kh1 Bxd5 17. exd5 Qb6 18. Rb1 Rc5 19. b3 Qc7 20. a4 a6
21. Rbc1 Rc8 22. Rxc5 Qxc5 23. Qd3 Qb4 24. Rb1 Rc3 25. Qd1 Qf4 26. Bc4 h5 27.
Qf1 Be5 28. Qg1 Bd4 29. Qf1 Rc2 30. Qd3 Be5 31. g3 Rxh2+ 32. Kxh2 Qxg3+ 33. Kh1
Qh2# 0-1

[Event "Frankfurt Ch A 2016"]
[Site "Ffm-Höchst, BiKuZ"]
[Date "2016.04.25"]
[Round "1.5"]
[White "Legde, Georg"]
[Black "Rotermund, Verena"]
[Result "1-0"]
[WhiteElo "2299"]
[BlackElo "1731"]
[PlyCount "67"]
[EventDate "2016.??.??"]
[WhiteTeam "Freibauer Mörlenbach"]
[BlackTeam "Vorw.Orient Mainz"]

1. d4 Nf6 2. c4 e6 3. Nc3 b6 4. e4 Bb4 5. Bd3 Bb7 6. Qe2 c5 7. a3 cxd4 8. axb4
dxc3 9. bxc3 d6 10. Bg5 Nbd7 11. Nf3 a5 12. O-O O-O 13. Rfb1 Qc7 14. Nd4 Ne5
15. Bxf6 gxf6 16. Qe3 Kh8 17. Bf1 Rg8 18. Nb5 Qc6 19. Rd1 Rad8 20. Rd4 f5 21.
Rad1 Ng4 22. Qh3 e5 23. Rxd6 Rxd6 24. Nxd6 fxe4 25. Nxf7+ Kg7 26. Nd8 Qc8 27.
Nxb7 Kh8 28. Be2 e3 29. fxe3 Qxb7 30. Bxg4 Rf8 31. Rd7 Qe4 32. Qh6 Qb1+ 33. Bd1
Rg8 34. Qf6+ 1-0

[Event "Frankfurt Ch A 2016"]
[Site "Ffm-Höchst, BiKuZ"]
[Date "2016.04.25"]
[Round "1.6"]
[White "Kautz, Thomas"]
[Black "Keller, Peter"]
[Result "0-1"]
[WhiteElo "1714"]
[BlackElo "2248"]
[PlyCount "52"]
[EventDate "2016.??.??"]
[WhiteTeam "SK Niederbrechen"]
[BlackTeam "Frankfurter TV"]

1. d4 d5 2. c4 c6 3. Nf3 Nf6 4. Nc3 dxc4 5. a4 Bf5 6. e3 e6 7. Bxc4 Bb4 8. O-O
Nbd7 9. Qb3 Qe7 10. Bd2 O-O 11. Rac1 Bg4 12. Na2 Bd6 13. Be2 e5 14. dxe5 Nxe5
15. Nd4 Ne4 16. Qc2 Nxd2 17. Qxd2 Rad8 18. Qc2 Bb8 19. Bxg4 Nxg4 20. Nf5 Bxh2+
21. Kh1 Qe6 22. f3 Nh6 23. g4 Bb8 24. e4 Nxf5 25. gxf5 Qh6+ 26. Kg1 Rd2 0-1

[Event "Frankfurt Ch A 2016"]
[Site "Ffm-Höchst, BiKuZ"]
[Date "2016.04.25"]
[Round "1.7"]
[White "Uwira, Oliver"]
[Black "Fröhlich-Dill, Astrid"]
[Result "1-0"]
[WhiteElo "2236"]
[BlackElo "1712"]
[PlyCount "110"]
[EventDate "2016.??.??"]
[WhiteTeam "SC Nied"]
[BlackTeam "SV Hofheim"]

1. d4 Nf6 2. c4 e6 3. Nc3 b6 4. e4 Bb4 5. e5 Ne4 6. Qg4 f5 7. Qxg7 Rf8 8. a3
Qe7 9. Qxe7+ Bxe7 10. Nxe4 fxe4 11. Be3 a5 12. Ne2 d5 13. exd6 cxd6 14. Nc3 Bb7
15. Be2 Nd7 16. Bh5+ Kd8 17. Bg4 Rf6 18. O-O Rc8 19. d5 Ne5 20. Bxb6+ Ke8 21.
Bxe6 Rxc4 22. Rae1 Nd3 23. Rxe4 Rxe4 24. Nxe4 Rxe6 25. dxe6 Bxe4 26. Bxa5 Bf5
27. Bc3 Bxe6 28. f4 Bc4 29. Rf3 d5 30. b4 Kf7 31. f5 Bd8 32. Bd4 Bf6 33. Bxf6
Kxf6 34. g4 Ne5 35. Rg3 d4 36. Kf2 Kg5 37. a4 Nxg4+ 38. Kf3 Bd5+ 39. Ke2 Bc4+
40. Kd2 Kxf5 41. b5 Ne5 42. b6 Ba6 43. Rg7 Nc4+ 44. Kd3 Nxb6+ 45. Kxd4 h5 46.
a5 Nc8 47. Kc5 Be2 48. Rc7 Kg4 49. Rxc8 Kh3 50. Kb6 Bf1 51. Rc2 h4 52. a6 Bg2
53. a7 Be4 54. Rb2 Bd5 55. Kc7 Bg2 1-0

[Event "Frankfurt Ch A 2016"]
[Site "Ffm-Höchst, BiKuZ"]
[Date "2016.04.25"]
[Round "1.8"]
[White "Bittner, Peter"]
[Black "Reschke, Stefan"]
[Result "1/2-1/2"]
[WhiteElo "1713"]
[BlackElo "2215"]
[PlyCount "65"]
[EventDate "2016.??.??"]
[WhiteTeam "SC Nied"]
[BlackTeam "SV Oberursel"]

1. b3 d5 2. Bb2 c5 3. e3 a6 4. Nf3 Nc6 5. Be2 Bg4 6. d4 e6 7. Nbd2 Nf6 8. Ne5
Bxe2 9. Nxc6 Bxd1 10. Nxd8 Bxc2 11. Nxb7 cxd4 12. Bxd4 Ba3 13. O-O Rc8 14. Nb1
Be7 15. Rc1 O-O 16. Nc3 Bg6 17. Na4 Ba3 18. Bb2 Bb4 19. Bc3 Bxc3 20. Nxc3 Rc7
21. Na5 Rfc8 22. Ne2 Bc2 23. f3 Nd7 24. b4 Ne5 25. Nd4 Nd3 26. Rxc2 Rxc2 27.
Nxc2 Rxc2 28. Rd1 Nb2 29. Rb1 g5 30. Kf1 Kg7 31. Kg1 Kf6 32. Kf1 Ke5 33. Nc6+
1/2-1/2

[Event "Frankfurt Ch A 2016"]
[Site "Ffm-Höchst, BiKuZ"]
[Date "2016.04.25"]
[Round "1.10"]
[White "Diehl, Stefan"]
[Black "Felmy, Benjamin"]
[Result "1/2-1/2"]
[WhiteElo "1699"]
[BlackElo "2075"]
[PlyCount "67"]
[EventDate "2016.??.??"]
[WhiteTeam "SC Höchst"]
[BlackTeam "SC Bad Soden"]

1. f4 c5 2. Nf3 Nc6 3. e3 Nf6 4. b3 g6 5. Bb2 Bg7 6. Be2 O-O 7. O-O d6 8. Qe1
Rb8 9. Nc3 a6 10. d3 b5 11. Ne4 Nb4 12. Bd1 Nbd5 13. Nxf6+ exf6 14. Nh4 Re8 15.
e4 f5 16. Bxg7 Kxg7 17. Qg3 Qf6 18. Bf3 Nc3 19. Rae1 b4 20. e5 Qd8 21. Bc6 Re7
22. Qg5 dxe5 23. fxe5 Qd4+ 24. Kh1 Rxe5 25. Nf3 Rxe1 26. Rxe1 Qd6 27. Qe3 Be6
28. Qe5+ Qxe5 29. Rxe5 Kf6 30. Rxc5 Rc8 31. Nd4 Bd7 32. Rc4 Bxc6 33. Nxc6 Nxa2
34. Nxb4 1/2-1/2

[Event "Frankfurt Ch A 2016"]
[Site "Ffm-Höchst, BiKuZ"]
[Date "2016.04.25"]
[Round "1.11"]
[White "Reschke, Thomas"]
[Black "Hinz, André"]
[Result "1-0"]
[WhiteElo "2048"]
[BlackElo "1698"]
[PlyCount "55"]
[EventDate "2016.??.??"]
[WhiteTeam "SC Frankfurt-West"]
[BlackTeam "SC Brett vorm Kopp"]

1. c4 Nc6 2. g3 e5 3. Bg2 Bc5 4. Nc3 Nf6 5. a3 a6 6. e3 d6 7. Nge2 Rb8 8. O-O
h5 9. d4 Ba7 10. h4 Ng4 11. Ne4 f6 12. b4 Bf5 13. Bb2 O-O 14. Qb3 g5 15. dxe5
Bxe4 16. Bxe4 fxe5 17. c5+ Kg7 18. hxg5 Qxg5 19. Rad1 Rf6 20. f4 Qh6 21. Kg2
Na5 22. bxa5 Bxc5 23. Bc1 h4 24. Rh1 Qh5 25. Rxh4 Nxe3+ 26. Qxe3 exf4 27. Rxh5
Bxe3 28. Bb2 1-0

[Event "Frankfurt Ch A 2016"]
[Site "Ffm-Höchst, BiKuZ"]
[Date "2016.04.25"]
[Round "1.13"]
[White "Zweschper, Erich"]
[Black "Krischak, Werner"]
[Result "1-0"]
[WhiteElo "2036"]
[BlackElo "1694"]
[PlyCount "27"]
[EventDate "2016.??.??"]
[WhiteTeam "SVG Eppstein"]
[BlackTeam "SK Marburg"]

1. d4 d5 2. Nf3 Nf6 3. c4 c6 4. e3 Bg4 5. Nc3 e6 6. h3 Bh5 7. g4 Bg6 8. Ne5
Nbd7 9. h4 dxc4 10. Nxg6 hxg6 11. Bxc4 Nd5 12. g5 Qxg5 13. hxg5 Rxh1+ 14. Bf1
1-0

[Event "Frankfurt Ch A 2016"]
[Site "Ffm-Höchst, BiKuZ"]
[Date "2016.04.25"]
[Round "1.14"]
[White "Plattner, Rolf"]
[Black "Schmidt, Markus"]
[Result "0-1"]
[WhiteElo "1692"]
[BlackElo "2013"]
[PlyCount "74"]
[EventDate "2016.??.??"]
[WhiteTeam "SK Langen"]
[BlackTeam "SK Turm Bad Hersfeld"]

1. e4 c5 2. Nf3 d6 3. Bb5+ Bd7 4. Bxd7+ Qxd7 5. O-O Nc6 6. c3 Nf6 7. Re1 g6 8.
d4 cxd4 9. cxd4 Bg7 10. Nc3 O-O 11. Bd2 Rac8 12. Rc1 d5 13. e5 Ne8 14. Bf4 Nc7
15. Qd2 Ne6 16. Ne2 Nxf4 17. Qxf4 Nb4 18. Rxc8 Rxc8 19. Ra1 Rc2 20. Nc3 Rxb2
21. e6 Qxe6 22. Qb8+ Bf8 23. Re1 Nc6 24. Qe8 Qf5 25. Rf1 e6 26. h4 Kg7 27. Nd1
Be7 28. Ne3 Qf4 29. h5 Bf6 30. h6+ Qxh6 31. Ng4 Qf4 32. Nxf6 Qxf6 33. Rc1 Rxa2
34. Rd1 Rb2 35. Qd7 a5 36. Qd6 a4 37. Qa3 Rb4 0-1

[Event "Frankfurt Ch A 2016"]
[Site "Ffm-Höchst, BiKuZ"]
[Date "2016.04.25"]
[Round "1.15"]
[White "Schwenkreis, Thomas"]
[Black "Stricker, Konstantin"]
[Result "1-0"]
[WhiteElo "2001"]
[BlackElo "1690"]
[PlyCount "63"]
[EventDate "2016.??.??"]
[WhiteTeam "SV Oberursel"]
[BlackTeam "SC Eschbach"]

1. e4 c5 2. f4 d6 3. Nf3 Nc6 4. Bc4 e6 5. O-O Nf6 6. d3 Be7 7. Nc3 O-O 8. a3 a6
9. Kh1 b5 10. Ba2 Bb7 11. Ne2 a5 12. Ng3 b4 13. a4 Qc7 14. Be3 Ng4 15. Bg1 Nf6
16. Qd2 Rad8 17. Rae1 Rd7 18. h3 Ne8 19. Ne2 Bf6 20. f5 exf5 21. exf5 Re7 22.
c3 Qd7 23. Ng3 Ne5 24. Nxe5 Rxe5 25. Bb3 Rxe1 26. Qxe1 g6 27. d4 cxd4 28. cxd4
Ng7 29. d5 Bh4 30. Ne4 Qe7 31. f6 Bxe1 32. fxe7 1-0

[Event "Frankfurt Ch A 2016"]
[Site "Ffm-Höchst, BiKuZ"]
[Date "2016.04.25"]
[Round "1.16"]
[White "Zerhusen, Martin"]
[Black "Medvedovski, Michael"]
[Result "1-0"]
[WhiteElo "1684"]
[BlackElo "1995"]
[PlyCount "85"]
[EventDate "2016.??.??"]
[WhiteTeam "SV Oberursel"]
[BlackTeam "Frankfurter TV"]

1. d4 d5 2. c4 e6 3. Nc3 c5 4. cxd5 exd5 5. Nf3 Nc6 6. e3 Nf6 7. Be2 a6 8. O-O
Bd6 9. a3 O-O 10. dxc5 Bxc5 11. b4 Ba7 12. Bb2 Re8 13. Rc1 Qd6 14. Na4 Ne4 15.
Bd4 Nxd4 16. Nxd4 Bb8 17. g3 Bh3 18. Re1 Ba7 19. Bf1 Bd7 20. Nc3 Rad8 21. Bg2
Qf6 22. Rf1 Bf5 23. Nce2 Rc8 24. Qe1 h6 25. Qd1 Rxc1 26. Qxc1 Rc8 27. Qb2 Rc4
28. b5 a5 29. Rc1 Be6 30. f3 Nc5 31. Rxc4 dxc4 32. b6 Bb8 33. Qb5 Qe5 34. Qe8+
Kh7 35. e4 Nb3 36. Nxe6 fxe6 37. Bh3 Bd6 38. Bxe6 Bc5+ 39. Kg2 h5 40. Bf5+ Qxf5
41. exf5 Bxb6 42. Qxh5+ Kg8 43. Qg6 1-0

[Event "Frankfurt Ch A 2016"]
[Site "Ffm-H??t, BiKuZ"]
[Date "2016.04.25"]
[Round "1.17"]
[White "Roggensack, Hans Peter"]
[Black "Weiland, Thomas"]
[Result "1-0"]
[WhiteElo "1992"]
[BlackElo "1673"]
[WhiteTeam "SF Frankfurt"]
[BlackTeam "SV Oberursel"]
[PlyCount "117"]
1. e4 d5 2. exd5 Qxd5 3. Nc3 Qd8 4. d4 Nf6 5. Nf3 Bf5 6. Bd3 Bxd3 7. Qxd3 c6 8.
Bg5 e6 9. O-O-O Nbd7 10. Nd2 Be7 11. f4 Qa5 12. Nc4 Qc7 13. f5 O-O-O 14. fxe6
fxe6 15. Qh3 Bb4 16. Rhf1 Rde8 17. Bf4 Qd8 18. a3 Bf8 19. Rfe1 Nd5 20. Bd2 Nxc3
21. Bxc3 Qg5+ 22. Kb1 Qd5 23. Ne5 Nf6 24. Nf7 Rg8 25. Re5 Qd7 26. Ng5 Nd5 27.
Rde1 Bd6 28. R5e4 h6 29. Nxe6 Nxc3+ 30. Qxc3 b6 31. g3 g5 32. d5 c5 33. Qe3 Re7
34. c4 Rge8 35. Qe2 Rg8 36. Rf1 Rf7 37. Rf2 Rxf2 38. Qxf2 Qh7 39. Qe2 Qf5 40.
Ka2 b5 41. Qg4 Qxg4 42. Rxg4 a6 43. b4 cxb4 44. c5 Be5 45. axb4 Kd7 46. h4 Bf6
47. hxg5 hxg5 48. Kb3 Rh8 49. Kc2 Rh2+ 50. Kd3 Rb2 51. Nxg5 Bxg5 52. Rxg5 Rxb4
53. Rg7+ Kd8 54. Ra7 Rb3+ 55. Kd4 Rxg3 56. c6 b4 57. d6 Ke8 58. Ra8+ Kf7 59. c7
1-0

[Event "Frankfurt Ch A 2016"]
[Site "Ffm-Höchst, BiKuZ"]
[Date "2016.04.25"]
[Round "1.18"]
[White "Merten, Rainer"]
[Black "Sachse, Günter"]
[Result "0-1"]
[WhiteElo "1663"]
[BlackElo "1989"]
[PlyCount "42"]
[EventDate "2016.??.??"]
[WhiteTeam "SV Frankfurt Nord"]
[BlackTeam "SK Langen"]

1. d4 Nf6 2. Nf3 g6 3. c4 Bg7 4. Nc3 d5 5. e3 O-O 6. Be2 c6 7. O-O Nbd7 8. b3
b6 9. Bb2 Bb7 10. Rc1 e6 11. Nd2 Rc8 12. f4 a6 13. a4 c5 14. Nf3 Ng4 15. Qd2
dxc4 16. bxc4 Bxf3 17. Bxf3 Nxe3 18. Ne2 Nxf1 19. Kxf1 cxd4 20. Bb7 Rc7 21.
Bxa6 Nc5 0-1

[Event "Frankfurt Ch A 2016"]
[Site "Ffm-Höchst, BiKuZ"]
[Date "2016.04.25"]
[Round "1.19"]
[White "Fucik, Timo"]
[Black "Dohmes, Swidbert"]
[Result "1-0"]
[WhiteElo "1985"]
[BlackElo "1662"]
[PlyCount "55"]
[EventDate "2016.??.??"]
[WhiteTeam "SK Ettlingen"]
[BlackTeam "SV Hofheim"]

1. d4 Nf6 2. Bg5 d5 3. Bxf6 exf6 4. e3 Be6 5. Nd2 Nd7 6. Ngf3 Nb6 7. Bd3 Bd6 8.
O-O Qe7 9. b3 O-O 10. c4 c5 11. Qc2 g6 12. a4 Rac8 13. a5 Nd7 14. Rfe1 Nb8 15.
e4 dxc4 16. Nxc4 cxd4 17. Nxd4 Be5 18. Nxe6 Bxa1 19. Nxf8 Be5 20. Nxh7 Kxh7 21.
Qd2 Nc6 22. Ne3 Qc7 23. Nd5 Qxa5 24. b4 Qd8 25. Be2 Qh8 26. Bg4 Rd8 27. Re3 Kg7
28. Rh3 1-0

[Event "Frankfurt Ch A 2016"]
[Site "Ffm-Höchst, BiKuZ"]
[Date "2016.04.25"]
[Round "1.20"]
[White "Heun, Andreas"]
[Black "Nagelsdiek, Ralf"]
[Result "0-1"]
[WhiteElo "1662"]
[BlackElo "1983"]
[PlyCount "68"]
[EventDate "2016.??.??"]
[WhiteTeam "SC Ladja Roßdorf"]
[BlackTeam "SC Bad Soden"]

1. e4 c5 2. Nc3 d6 3. f4 g6 4. Nf3 Bg7 5. Be2 Nc6 6. O-O e6 7. Qe1 Nge7 8. d3
O-O 9. Qh4 f5 10. Ng5 h6 11. Nf3 Nd4 12. Bd1 b5 13. Qg3 b4 14. Ne2 Nxf3+ 15.
gxf3 Ba6 16. Qg2 Qb6 17. Kh1 c4 18. d4 Bxd4 19. Nxd4 Qxd4 20. Be2 Bb7 21. Rd1
Qc5 22. Bd2 c3 23. bxc3 bxc3 24. Be1 fxe4 25. Bh4 g5 26. Bf2 Qc6 27. Qh3 Nf5
28. Qh5 Qe8 29. Qg4 Qg6 30. Rg1 e3 31. Be1 Nd4 32. Rb1 Bd5 33. fxg5 Nxe2 34.
gxh6 Bxf3+ 0-1

[Event "Frankfurt Ch A 2016"]
[Site "Ffm-Höchst, BiKuZ"]
[Date "2016.04.25"]
[Round "1.21"]
[White "Rondonuwu, Grover"]
[Black "Ackermann, Robert"]
[Result "1/2-1/2"]
[WhiteElo "1976"]
[BlackElo "1658"]
[PlyCount "49"]
[EventDate "2016.??.??"]
[WhiteTeam "Frankfurter TV"]
[BlackTeam "SC Bad Soden"]

1. d4 Nf6 2. Nf3 g6 3. Bf4 Bg7 4. e3 O-O 5. Be2 d6 6. c4 Nh5 7. Bg5 h6 8. Bh4
Nf6 9. Nc3 Nbd7 10. h3 c5 11. O-O a6 12. Bg3 Re8 13. Qc2 cxd4 14. exd4 Nf8 15.
Rad1 Bd7 16. Rfe1 Rc8 17. Qb3 Rc6 18. Qxb7 Rb6 19. Qa7 Rxb2 20. Qxa6 Qa8 21.
Qxa8 Rxa8 22. Rb1 Rab8 23. Rxb2 Rxb2 24. Bd3 Ne6 25. Rb1 1/2-1/2

[Event "Frankfurt Ch A 2016"]
[Site "Ffm-Höchst, BiKuZ"]
[Date "2016.04.25"]
[Round "1.22"]
[White "Varma, Christopher"]
[Black "Benninger, Rudolf"]
[Result "0-1"]
[WhiteElo "1655"]
[BlackElo "1970"]
[PlyCount "52"]
[EventDate "2016.??.??"]
[WhiteTeam "SC Bad Nauheim"]
[BlackTeam "SC Heusenstamm"]

1. e4 g6 2. d4 Bg7 3. Nc3 c5 4. d5 d6 5. Nf3 Nf6 6. Bb5+ Nbd7 7. a4 a6 8. Be2
O-O 9. O-O b6 10. h3 Qc7 11. Bf4 Ne5 12. Nd2 e6 13. Bg5 Bb7 14. f4 Ned7 15.
dxe6 fxe6 16. f5 exf5 17. exf5 Ne5 18. fxg6 Qc6 19. Rf2 Nfg4 20. Rxf8+ Rxf8 21.
gxh7+ Kh8 22. Nf3 Nxf3+ 23. Bxf3 Rxf3 24. Qxf3 Bd4+ 25. Kh1 Qxf3 26. gxf3 Bxf3#
0-1

[Event "Frankfurt Ch A 2016"]
[Site "Ffm-Höchst, BiKuZ"]
[Date "2016.04.25"]
[Round "1.23"]
[White "Ortinau, Peter"]
[Black "Götting, Ulrich"]
[Result "1/2-1/2"]
[WhiteElo "1963"]
[BlackElo "1652"]
[PlyCount "102"]
[EventDate "2016.??.??"]
[WhiteTeam "Frankfurter TV"]
[BlackTeam "SC Bad Soden"]

1. d4 Nf6 2. c4 e6 3. Nc3 d5 4. Bg5 Be7 5. e3 Nbd7 6. Nf3 O-O 7. Rc1 a6 8. cxd5
exd5 9. Bd3 h6 10. Bh4 c6 11. Qc2 Nh5 12. Bxe7 Qxe7 13. O-O Nhf6 14. Rce1 Qd6
15. a3 b5 16. Rc1 Bb7 17. b4 a5 18. Qb3 axb4 19. axb4 Rfe8 20. Ra1 Nb6 21. Ne2
Nc4 22. Qc3 Ne4 23. Bxe4 dxe4 24. Nd2 Nxd2 25. Qxd2 Rxa1 26. Rxa1 Bc8 27. Qc3
Be6 28. Qc5 Rd8 29. Qc3 Bc4 30. Nc1 Qe6 31. Ra3 f5 32. g3 g5 33. Nb3 Bxb3 34.
Qxb3 Qxb3 35. Rxb3 f4 36. gxf4 gxf4 37. Rc3 Rd6 38. Kg2 Rg6+ 39. Kh3 f3 40. Rc5
Kf7 41. Re5 Rg2 42. Rxe4 Rxf2 43. Kg3 Rg2+ 44. Kxf3 Rxh2 45. Re5 Rc2 46. d5 c5
47. d6 cxb4 48. Rxb5 Rd2 49. Rxb4 Rxd6 50. Rb5 Rf6+ 51. Ke4 Kg6 1/2-1/2

[Event "Frankfurt Ch A 2016"]
[Site "Ffm-Höchst, BiKuZ"]
[Date "2016.04.25"]
[Round "1.24"]
[White "Adair, Robin"]
[Black "Kolker, Vladislav"]
[Result "1-0"]
[WhiteElo "1647"]
[BlackElo "1957"]
[PlyCount "77"]
[EventDate "2016.??.??"]
[WhiteTeam "SC Nidderau"]
[BlackTeam "SC Bad Nauheim"]

1. c4 Nf6 2. Nc3 g6 3. e4 d6 4. d4 Bg7 5. Be2 O-O 6. Bg5 c5 7. dxc5 Qa5 8. Bd2
Qxc5 9. Nf3 Be6 10. b3 b5 11. cxb5 a6 12. Rc1 axb5 13. O-O Qb6 14. Be3 Qb7 15.
Nd4 b4 16. Nxe6 fxe6 17. Nb5 Nc6 18. Nxd6 exd6 19. Qxd6 Nd8 20. Rc7 Nxe4 21.
Qe7 Qxc7 22. Qxc7 Rxa2 23. Bf3 Nd2 24. Bxd2 Rxd2 25. Rd1 Rxd1+ 26. Bxd1 Bd4 27.
Bf3 Bc3 28. h4 Nf7 29. Bg4 e5 30. Be6 Kg7 31. g4 h6 32. Qe7 g5 33. h5 e4 34.
Bc4 Bd4 35. Kg2 Bc3 36. Kf1 Be5 37. Bxf7 Bf6 38. Qxb4 Rxf7 39. Qxe4 1-0

[Event "Frankfurt Ch A 2016"]
[Site "Ffm-Höchst, BiKuZ"]
[Date "2016.04.25"]
[Round "1.25"]
[White "Gräbner, Walter"]
[Black "Thede, Stefan"]
[Result "1/2-1/2"]
[WhiteElo "1949"]
[BlackElo "1645"]
[PlyCount "48"]
[EventDate "2016.??.??"]
[WhiteTeam "SC Nied"]
[BlackTeam "SV Frankfurt Nord"]

1. d4 Nf6 2. Nf3 g6 3. g3 Bg7 4. Bg2 d6 5. O-O O-O 6. d5 c6 7. c4 Bg4 8. Nc3
Qc8 9. Re1 Na6 10. Be3 Bf5 11. Qd2 Ne4 12. Nxe4 Bxe4 13. Bh6 c5 14. Bxg7 Kxg7
15. Qc3+ Kg8 16. Qe3 f5 17. Ng5 Bxg2 18. Kxg2 Qd7 19. h4 Nc7 20. h5 f4 21. Qe4
Rf5 22. Ne6 Rxh5 23. gxf4 Nxe6 24. dxe6 Qc6 1/2-1/2

[Event "Frankfurt Ch A 2016"]
[Site "Ffm-Höchst, BiKuZ"]
[Date "2016.04.25"]
[Round "1.26"]
[White "Fischer, Lutz"]
[Black "Biegel, Thomas"]
[Result "0-1"]
[WhiteElo "1640"]
[BlackElo "1946"]
[PlyCount "136"]
[EventDate "2016.??.??"]
[WhiteTeam "SF Frankfurt"]
[BlackTeam "SVG Eppstein"]

1. e4 g6 2. d4 Bg7 3. Nf3 d6 4. Nc3 a6 5. Be3 b5 6. a4 b4 7. Ne2 Bb7 8. Ng3 Nf6
9. Bd3 Nbd7 10. O-O c5 11. c3 bxc3 12. bxc3 O-O 13. h3 c4 14. Bc2 a5 15. Qd2
Re8 16. Rab1 Qc7 17. Rb2 Reb8 18. Rfb1 e6 19. Qe2 d5 20. Nd2 Bc6 21. e5 Ne8 22.
Nf3 Rxb2 23. Rxb2 Nb6 24. Qf1 Rb8 25. Qb1 Nd7 26. h4 Rxb2 27. Qxb2 Nb6 28. h5
Bxa4 29. hxg6 Bxc2 30. gxf7+ Qxf7 31. Qxc2 Nc7 32. Qb1 Nca8 33. Ng5 Qg6 34.
Qxg6 hxg6 35. Nxe6 a4 36. Bc1 Kf7 37. Nxg7 Kxg7 38. Nf1 Nc7 39. Nd2 Kf7 40. f4
Ne6 41. Nb1 Ng7 42. g4 Ke6 43. Kf2 Ne8 44. Ke2 Nc7 45. Kd2 Nb5 46. Kc2 Nc8 47.
Kb2 Ne7 48. Be3 Nc6 49. Bf2 Na5 50. Na3 Na7 51. Be3 Nb3 52. Nxc4 dxc4 53. d5+
Kxd5 54. Bxa7 Nd2 55. Bd4 Nf3 56. Ka3 Nxd4 57. cxd4 c3 58. f5 gxf5 59. gxf5
Kxd4 60. e6 c2 61. Kb2 Kd3 62. e7 Kd2 63. e8=Q c1=Q+ 64. Ka2 Qc2+ 65. Ka1 Qc3+
66. Ka2 Qc4+ 67. Ka1 Kc2 68. Qe5 Qf1+ 0-1

[Event "Frankfurt Ch A 2016"]
[Site "Ffm-Höchst, BiKuZ"]
[Date "2016.04.25"]
[Round "1.27"]
[White "Breitwieser, Jasmin"]
[Black "Koch, Thomas"]
[Result "1/2-1/2"]
[WhiteElo "1940"]
[BlackElo "1632"]
[PlyCount "36"]
[EventDate "2016.??.??"]
[WhiteTeam "SF Frankfurt"]
[BlackTeam "SV Ffm-Griesheim"]

1. d4 f5 2. Nf3 g6 3. g3 Bg7 4. Bg2 Nf6 5. c4 d6 6. b4 O-O 7. Bb2 Qe8 8. Nbd2
Nbd7 9. O-O e5 10. dxe5 dxe5 11. c5 e4 12. Nd4 Ne5 13. Qb3+ Kh8 14. f4 Nc6 15.
Nxc6 Qxc6 16. Nc4 Be6 17. Qc3 Qb5 18. Ne5 Kg8 1/2-1/2

[Event "Frankfurt Ch A 2016"]
[Site "Ffm-Höchst, BiKuZ"]
[Date "2016.04.25"]
[Round "1.28"]
[White "John, Volkmar"]
[Black "Budde, Michael"]
[Result "1/2-1/2"]
[WhiteElo "1625"]
[BlackElo "1934"]
[PlyCount "59"]
[EventDate "2016.??.??"]
[WhiteTeam "SK Herborn"]
[BlackTeam "SC Flörsheim"]

1. c4 Nf6 2. g3 g6 3. Bg2 Bg7 4. Nc3 O-O 5. e4 d6 6. Nge2 e5 7. O-O Bg4 8. h3
Be6 9. d3 Nfd7 10. Be3 Qc8 11. Kh2 c6 12. Qd2 f5 13. b3 Nf6 14. Rac1 Na6 15. f4
Rd8 16. Rfd1 Qd7 17. Qc2 Bh6 18. Qd2 d5 19. cxd5 cxd5 20. fxe5 Bxe3 21. Qxe3 d4
22. Nxd4 Qxd4 23. Qxd4 Rxd4 24. exf6 Rad8 25. exf5 Bxf5 26. Bxb7 Nc5 27. Be4
Bxe4 28. dxe4 Rxd1 29. Rxd1 Rxd1 30. Nxd1 1/2-1/2

[Event "Frankfurt Ch A 2016"]
[Site "Ffm-Höchst, BiKuZ"]
[Date "2016.04.25"]
[Round "1.29"]
[White "Fußnecker, Manfred"]
[Black "Laufenburg, Frank"]
[Result "0-1"]
[WhiteElo "1924"]
[BlackElo "1622"]
[PlyCount "76"]
[EventDate "2016.??.??"]
[WhiteTeam "SF Frankfurt"]
[BlackTeam "SC Bergen-Enkheim"]

1. c4 e6 2. Nc3 Nf6 3. g3 d5 4. d4 c6 5. Bg2 Bb4 6. a3 Bxc3+ 7. bxc3 O-O 8. Qc2
Nbd7 9. Nf3 Ne4 10. O-O Re8 11. Bf4 f6 12. cxd5 exd5 13. c4 Nb6 14. cxd5 Nxd5
15. Nh4 Qe7 16. Be5 Ng5 17. e4 Nb6 18. Bf4 Nh3+ 19. Kh1 g5 20. e5 Nxf4 21. gxf4
gxh4 22. Rg1 Kh8 23. Be4 Be6 24. f5 Bd5 25. e6 Rg8 26. h3 Rxg1+ 27. Kxg1 Rg8+
28. Kf1 Qg7 29. Ke2 Nc4 30. Bxd5 cxd5 31. Qa4 b6 32. Qc6 Rd8 33. Kf1 Qe7 34.
Kg2 Nxa3 35. Qa4 Nc4 36. Qxa7 Re8 37. Qa4 Nd6 38. Qc6 Nxf5 0-1